000 00446cam a22001577a 4500
008 180718b1980 xxu||||| |||| 00| 0 eng d
020 _a0080246664
082 _aW2 P341
100 _aPederson, E.O.
245 _aTransportation in cities
_cby E.O. Pederson
260 _aNew York
_bPergamon
_c1980
300 _aviii, 87p
650 _aUrban transportation -Developing countries.
650 _aLand use, Urban
650 _aUrban transportation
999 _c411388
_d411388